01591nam a2200313Ia 4500001001200000003000800012006001900020007001500039008004100054010001700095020002200112040002100134035002100155050002300176245022500199260005500424300002400479500019200503504002900695533015200724650003200876650002900908650002600937655002900963710001700992711012501009856012601134999001701260ebr10068375CaPaEBRm u cr cn|||||||||841128s1984 dcua sb 000 0 eng d z 84061446  z0309034841 (pbk.) aCaPaEBRcCaPaEBR a(OCoLC)32670979714aTD793b.D57 1984eb00aDisposal of industrial and domestic wastesh[electronic resource] :bland and sea alternatives /cBoard on Ocean Science and Policy, Commission on Physical Sciences, Mathematics, and Resources, National Research Council. aWashington, D.C. :bNational Academy Press,c1984. axiv, 210 p. :bill. aConsists of rev. panel reports presented at the Workshop on Land, Sea, and Air Options for the Disposal of Industrial and Domestic Wastes, held on Jan. 16-21, 1983, in Napa Valley, Calif. aIncludes bibliographies. aElectronic reproduction.bPalo Alto, Calif. :cebrary,d2009.nAvailable via World Wide Web.nAccess may be limited to ebrary affiliated libraries. 0aRefuse and refuse disposal. 0aFactory and trade waste. 0aEnvironmental policy. 7aElectronic books.2local2 aebrary, Inc.2 aWorkshop on Land, Sea, and Air Options for the Disposal of Industrial and Domestic Wastesd(1983 :cNapa Valley, Calif.)40uhttp://site.ebrary.com/lib/rucke/Doc?id=10068375zAn electronic book accessible through the World Wide Web; click to view c28328d28328